000 01796cam a22005174i 4500
003 PE-LiUPU
005 20250731165555.0
008 150625s r 000 0 d
020 _a84 7432 982 5
035 _a(Sirsi) i9788474329827
040 _aPE-LiUPU
_bspa
_cPE-LiUPU
_erda
049 _aPRUA
082 0 4 _a070.432 2
_bL75
_221
100 1 _aLobatón, Paco,
_eautor.
245 1 3 _aLa televisión en tiempos de guerra :
_bla onda expansiva de los atentados del 11-S /
_cPaco Lobatón coor.
264 1 _aBarcelona :
_bGedisa Editorial,
_c2002.
300 _a220 páginas ;
_c24 centímetros
336 _atext
_2rdacontent
337 _aunmediated
_2rdamedia
338 _avolume
_2rdacarrier
505 0 _aPrólogo. -Debate. -El reto de informar en directo. -¿Qué nos espera? -Reflexiones, investigaciones y documentos.
526 _aSEG44
526 _aSEG26
526 _aP151
526 _aP150
526 _aP149
526 _aP146
526 _aP145
526 _aP126
526 _aP125
526 _aP92
526 _aP75
526 _aP74
526 _aP27
526 _aP15
541 _g001-019821;
650 0 4 _aNoticias por television.
650 0 4 _aSetiembre 11
_xAtaque terrorista, 2001.
650 0 4 _aTelevisión y guerra.
910 _bsm-nm
_chf-aj
_d20040222
942 _2ddc
_cBOOK
949 _a070.432 2 L75
_wDEWEY
_c1
_i53691
_lCCODEBUL1
_mBUL
_p26.00
_r0
_sY
_tBOOK
_u2015-6-25
_xEDUCACION
_zUNKNOWN
_0COMPRA
_o.STAFF. Colección General
994 _aC0
_bPEPRU
596 _a1
999 _a070.432 2 L75
_wDEWEY
_c43820
_i53691
_d43820
_e2018-10-23
_f2021-11-30
_g5
_lCCODEBUL1
_mBUL
_n2
_p26.00
_q1
_r0
_sY
_tBOOK
_u2015-6-25
_xEDUCACION
_zUNKNOWN
_0COMPRA
_o.STAFF. Colección General
980 _81
_gALBERTO SANCHEZ Responsable de Automatización